Регионална библиотека "Любен Каравелов" - Русе

Въведение в езика ПАСКАЛ (Запис номер 59347)

MARC детайли
000 -Лидер
Контролно поле с фиксирана дължина 01492nam a2200349 c 4500
003 - Код на организацията, давaща контролен номер
Контролно поле BLK
005 - Дата и час на последна редакция
Контролно поле 20180420222842.0
008 - Елементи от данни с фиксирана дължина
fixed length control field 180408b bul|||||r ||||||| ||bul||
010 ## - Наследен системен номер
LC control number KNG00063439000
040 ## - Източник на каталожния запис
Идентификатор на билиотеката - собственик на записа BLK
041 ## - Код за език
Код за езика на текст/звукозапис или на отделно заглавие Български
Код за езика КДБФ Български
080 ## - УДК
Текстов определител УДК Езици за програмиране
УДК код - определител по УДК 519.682
УДК определител (035)
УДК - код + определител 519.682(035)
100 1# - Редна дума - Автор
Автор Уелш, Джим
Авторска отговорност първи автор
R(LIN) 288921
139 ## - Редно поле
Редна дума Уелш, Джим и др.
Авторски знак Уел - У 29
245 10 - Сведения за заглавието
Заглавие Въведение в езика ПАСКАЛ
Подзаглавни данни Ръководство
Редно поле (дума) Джим Уелш; съавт. Джон Елдър; прев. от англ. Мишел Л. Аврамов; прев. от англ. Асен О. Сеизов.
257 ## - Страна на издаване
Страна на създаване/издаване Съединени американски щати
260 ## - Област на издателските данни
-- София
Име на издателя, разпространителя и проч. Техника
Година на издаване 1984
Печатница Враца : В. Александров
300 ## - Физическа характеристика
Страници 311 с.
Илюстрации и др. с табл., сх.
Размери/Мащаб 22 см
380 ## - Жанр
Жанр Естествени науки. Математика
500 ## - Общи забележки
Забележка Ориг. загл. Introducition to Pascal
650 #4 - Допълнително описание по предмет – тема
Основно описание – тема или топоним Езици за програмиране - наръчници и ръководства
9 (RLIN) 241821
653 ## - Ключова дума – ненормативна
Ключова дума езици за програмиране
653 ## - Ключова дума – ненормативна
Ключова дума ръководства
700 1# - Други автори (авторска отговорност)
Лично име Елдър, Джон
Автороска отговорност (Описва отношението между автора и произведението) съавт.
9 (RLIN) 66907
700 1# - Други автори (авторска отговорност)
Лично име Аврамов, Мишел Л.
Автороска отговорност (Описва отношението между автора и произведението) прев. от англ.
9 (RLIN) 275442
700 1# - Други автори (авторска отговорност)
Лично име Сеизов, Асен О.
Автороска отговорност (Описва отношението между автора и произведението) прев. от англ.
9 (RLIN) 288922
852 ## - Местоположение
Форматна сигнатура Цб 125674
856 4# - Електронен адрес и достъп
Електронен формат pdf - файл
Път до файла /url/
856 4# - Електронен адрес и достъп
Електронен формат pdf - файл
Път до файла /url/
942 ## - АРТИКУЛИ
Вид на библиотечния материал Книги
Скрит в OPAC Не
944 ## - СЪЗДАВАНЕ И РЕДАКЦИЯ на ЗАПИСА
Създаване/Редакция Създаване
Дата на регистрацията/редакция 13.06.2004
Служител, извършил регистрацията/редакцията Читалня
944 ## - СЪЗДАВАНЕ И РЕДАКЦИЯ на ЗАПИСА
Създаване/Редакция Редакция
Дата на регистрацията/редакция 09.10.2015
Служител, извършил регистрацията/редакцията Христина_Везирева
999 ## - СИСТЕМНИ КОНТРОЛНИ НОМЕРА
Koha biblionumber 59347
Koha biblioitemnumber 59347
Наличности
Код за отписване Код за изгубен артикул Източник на класификационната схема Код за повреда Коз за рестрикции Код за отдаване Артикулен № Име на библиотеката - собственик Име на библиотеката, в която се намира в момента Статус (Текущо местоположение) Дата на вписване в системата Местоположение - отдел Цена в лева Инвентарен номер Систематично азбучна сигнатура Баркод Номер на екземпляра Цена в евро Служебна бележка Служебен тип на артикула
Изтеглен Не е изгубен Universal Decimal Classification Не е повреден без рестрикции ползва се в читалня 96871 Регионална библиотека "Любен Каравелов" Русе Регионална библиотека "Любен Каравелов" Русе Читалня 1993-01-01 Читалня 1.61 403811 Ч 519.68/У29Д 120000403811 1 0.82 Дата инв: 15.03.2017 Бележки инв: Ч2017 Книги
  Не е изгубен Universal Decimal Classification Не е повреден без рестрикции ползва се в читалня 96872 Регионална библиотека "Любен Каравелов" Русе Регионална библиотека "Любен Каравелов" Русе Хранилище 1984-01-01 Хранилище 1.50 402433 Цб 125674 900000012690 2 0.77 Вид: Сф N: стар фонд Дата: 01.01.1984 Книги
Изтеглен Не е изгубен Universal Decimal Classification Не е повреден без рестрикции заемане за дома 96873 Регионална библиотека "Любен Каравелов" Русе Регионална библиотека "Любен Каравелов" Русе Заемна - подръчен фонд 1984-01-01 Заемна - подръчен фонд 1.50 403810 П 519.68/У 29 403810 3 0.77 Вид: Сф N: стар фонд Дата: 01.01.1984 Книги
Vip Innovations Ltd, Rousse, Bulgaria 2025